000 00677nas a2200253 4500
001 BR9200898
003 BR-BrBNA
005 20231205092324.0
007 ta
008 230509b bl.|||p| |||| 00| 00por d
040 _aBR-BrBNA
_bpor
_cBiblioteca Nacional de Agricultura
041 _a(Pt)
072 _aF06
100 1 _aSantiago, J.P.
245 1 _aIrrigacao; como medir a vazao da agua
650 _aIRRIGACAO
650 _aMANANCIAL
650 _aMANEJO DE AGUA
650 _aSOLO
650 _aUMIDADE DO SOLO
773 0 _tGuia Rural (Brazil)
_x
_g(Jun 1990), v. 4(6) p. 51-54
_wBR9200898
909 _a202311
_bLúcia
_c55
_dLúcia Elande
942 _2AGRIS
_n0
_cANA
999 _c130923
_d130923